[Event "13th Costa del Sol it"]
[Site "Torremolinos ESP"]
[Date "1973.02.??"]
[Round "7"]
[White "Torre, Eugenio"]
[Black "Bellon Lopez, Juan Manuel"]
[Result "1-0"]
[WhiteElo "2400"]
[BlackElo "2385"]
[EventDate "1973.02.10"]
[PlyCount "129"]

1.g3 c5 2.Bg2 Nc6 3.e4 g6 4.Nf3 Bg7 5.O-O d6 6.c3 Bg4 7.h3 Bxf3 8.Qxf3 e5 
9.d3 h5 10.Qe2 h4 11.Nd2 Qd7 12.a3 Nd8 13.Nf3 Bf6 14.Nxh4 Bxh4 15.gxh4 Ne6
16.f4 O-O-O 17.f5 gxf5 18.exf5 Ng7 19.f6 Nf5 20.Qg4 Ngh6 21.Bxh6 Nxh6 22.
Qxd7+ Kxd7 23.Rf2 b6 24.Bd5 Ng8 25.Bxf7 Rf8 26.Bxg8 Rfxg8+ 27.Kh2 c4 28.
dxc4 Rxh4 29.Rg1 Re8 30.Rg7+ Ke6 31.Rxa7 Rxc4 32.Rb7 Rc6 33.f7 Rf8 34.h4 
e4 35.Kg3 Rc5 36.Rxb6 e3 37.Re2 Re5 38.Rb7 Kd5 39.Kf3 Kc6 40.Ra7 Kb6 41.
Ra4 Rxf7+ 42.Rf4 Rfe7 43.Rg4 Kc6 44.a4 Rf5+ 45.Rf4 Rfe5 46.b4 R7e6 47.Kg2 
Kd5 48.c4+ Kc6 49.Kf3 d5 50.b5+ Kc5 51.cxd5 Kxd5 52.a5 Re7 53.b6 Kc6 54.
Rc4+ Kb7 55.Rc7+ Rxc7 56.bxc7 Kxc7 57.Rxe3 Rxa5 58.Rd3 Ra4 59.Kg3 Re4 60.
h5 Ra4 61.Rd2 Re4 62.h6 Re6 63.Rh2 Re8 64.h7 Rh8 65.Kg4 {Blancas: 3 horas 
y 20 minutos Negras: 3 horas y 30 minutos} 1-0

[Event "13th Costa del Sol it"]
[Site "Torremolinos ESP"]
[Date "1973.02.??"]
[Round "8"]
[White "Parma, Bruno"]
[Black "Gheorghiu, Florin"]
[Result "1/2-1/2"]
[WhiteElo "2510"]
[BlackElo "2520"]
[EventDate "1973.02.10"]
[PlyCount "34"]

1.e4 c5 2.Nf3 Nc6 3.Bb5 g6 4.O-O Bg7 5.Re1 Nf6 6.c3 O-O 7.h3 d5 8.e5 Ne8 
9.d4 cxd4 10.cxd4 Nc7 11.Bxc6 bxc6 12.Nc3 f6 13.exf6 exf6 14.Bf4 Ne6 15.
Bg3 Re8 16.Qd2 a5 17.Na4 Ba6 {Blancas: 1 hora y 2 minutos Negras: 1 hora y
1 minuto} 1/2-1/2

[Event "13th Costa del Sol it"]
[Site "Torremolinos ESP"]
[Date "1973.02.??"]
[Round "8"]
[White "Rossolimo, Nicolas"]
[Black "Matanovic, Aleksandar"]
[Result "1/2-1/2"]
[WhiteElo "2450"]
[BlackElo "2515"]
[EventDate "1973.02.10"]
[PlyCount "48"]

1.e4 e5 2.Nf3 Nc6 3.Bc4 Nf6 4.d4 exd4 5.O-O Nxe4 6.Re1 d5 7.Bxd5 Qxd5 8.
Nc3 Qa5 9.Nxe4 Be6 10.Neg5 O-O-O 11.Nxe6 fxe6 12.Rxe6 Qf5 13.Qe2 Bd6 14.
Bg5 Rdf8 15.Bh4 h6 16.Rd1 Qc5 17.a3 a5 18.Qe4 g5 19.Bg3 Bxg3 20.hxg3 Rd8 
21.Ne5 Nxe5 22.Rxe5 Qb6 23.Qf5+ Kb8 24.Rb5 Qa6 1/2-1/2

[Event "13th Costa del Sol it"]
[Site "Torremolinos ESP"]
[Date "1973.02.??"]
[Round "8"]
[White "Benko, Pal"]
[Black "Pomar Salamanca, Arturo"]
[Result "1-0"]
[WhiteElo "2515"]
[BlackElo "2460"]
[EventDate "1973.02.10"]
[PlyCount "107"]

1.Nf3 Nf6 2.g3 b6 3.Bg2 Bb7 4.c4 e6 5.d4 Be7 6.Nc3 Ne4 7.Bd2 d6 8.O-O Nd7 
9.d5 $5 ( {Mas conocido era} 9.Qc2 ) 9...Nxd2 10.Nxd2 e5 11.b4 a5 12.a3 
O-O 13.Nb3 Ba6 14.Qd3 f5 15.e4 f4 16.Nb5 Kh8 17.Qc3 g5 $2 ( 17...a4 {Salva
un peon} ) 18.bxa5 g4 $1 19.gxf4 Rxf4 20.axb6 cxb6 $5 21.a4 Rc8 22.Qd3 
Bxb5 $6 ( 22...Qf8 $1 23.a5 Bd8 {Resiste bien} ) 23.cxb5 Nc5 $5 24.Nxc5 
Rxc5 25.Rac1 Qc7 26.Qe3 Bh4 $6 27.Rxc5 $1 dxc5 $6 ( 27...Qxc5 $5 28.Qxc5 
dxc5 29.f3 gxf3 30.Bxf3 Kg7 {Defiende adecuadamente} ) 28.f3 c4 $5 29.Kh1 
Be7 30.Qc3 Bc5 31.Qxc4 g3 32.h3 ( 32.hxg3 $2 Rh4+ $1 33.gxh4 Qe7 34.Bh3 
Qxh4 35.Kg2 Qg5+ 36.Bg4 Qd2+ 37.Rf2 Qxf2+ 38.Kh3 {Tablas} ) 32...Qd7 ( 
32...Rh4 $1 33.Rc1 Qf7 {Mantiene oportunidades de contraataque} ) 33.Qc3 
$1 Qd6 34.a5 $1 bxa5 35.Rc1 Bb6 36.Qc6 Rf6 37.Qxd6 Rxd6 38.Bf1 Kg7 39.Kg2 
Rg6 40.Rc8 Kf7 41.h4 Bf2 42.Rc7+ Kf8 43.Rxh7 a4 44.Kh3 a3 45.Rh8+ Ke7 46.
Ra8 Bc5 47.Kg2 Bf2 48.Rxa3 Rh6 49.f4 exf4 50.Kf3 Rxh4 51.Ra6 Be3 52.Bg2 
Rh8 53.b6 $5 Kd7 54.b7 $5 {Blancas: 3 horas y 25 minutos Blancas: 3 horas 
y 24 minutos} ( 54.b7 Kc7 55.Ra8 Rb8 56.e5 $1 Kxb7 57.Rxb8+ Kxb8 58.d6 $1 
Kc8 59.Ke4 Kd7 60.Kd5 {Gana para el blanco} ) 1-0

[Event "13th Costa del Sol it"]
[Site "Torremolinos ESP"]
[Date "1973.02.??"]
[Round "8"]
[White "Martz, William"]
[Black "Torre, Eugenio"]
[Result "1/2-1/2"]
[WhiteElo "2420"]
[BlackElo "2400"]
[EventDate "1973.02.10"]
[PlyCount "121"]

1.d4 Nf6 2.c4 c5 3.Nf3 g6 4.Nc3 Bg7 5.e4 cxd4 6.Nxd4 Nc6 7.Be3 Ng4 8.Qxg4 
Nxd4 9.Qd1 Ne6 10.Qd2 Qa5 11.Rc1 b6 12.b3 Bb7 13.Nd5 Qxd2+ 14.Kxd2 Rc8 15.
f3 f5 16.exf5 gxf5 17.Bd3 Nc5 18.Rhe1 Nxd3 19.Kxd3 e6 20.Nc3 Bc6 21.a4 Be5
22.Bd4 Bxd4 23.Kxd4 Rg8 24.Rc2 a5 25.Re5 Ke7 26.Rce2 Kf6 27.Nb5 Bxb5 28.
Rxb5 Rc6 29.Rbe5 Rd6+ 30.Kc3 Rxg2 31.Rxf5+ Kxf5 32.Rxg2 Kf4 33.Rg7 Kxf3 
34.Rxh7 e5 35.Rf7+ Ke3 36.h4 e4 37.h5 Ke2 38.h6 Rxh6 39.Rxd7 e3 40.b4 
axb4+ 41.Kxb4 Re6 42.Kb5 Kf3 43.Rd1 e2 44.Ra1 Rd6 45.Re1 Kf2 46.Rh1 Rd1 
47.Rh2+ Kf3 48.Rxe2 Rb1+ 49.Kc6 Kxe2 50.c5 bxc5 51.Kxc5 Ra1 52.Kb5 Kd3 53.
a5 Kd4 54.a6 Kd5 55.Kb6 Kd6 56.Kb7 Rb1+ 57.Kc8 Rc1+ 58.Kb8 Kd7 59.a7 Rc8+ 
60.Kb7 Rc7+ 61.Kb8 1/2-1/2

[Event "13th Costa del Sol it"]
[Site "Torremolinos ESP"]
[Date "1973.02.??"]
[Round "8"]
[White "Filip, Miroslav"]
[Black "O'Kelly de Galway, Alberic"]
[Result "1/2-1/2"]
[WhiteElo "2510"]
[BlackElo "2450"]
[EventDate "1973.02.10"]
[PlyCount "40"]

1.Nf3 c5 2.c4 Nc6 3.Nc3 Nf6 4.e3 e6 5.d4 d5 6.a3 Ne4 7.Bd3 Nxc3 8.bxc3 Be7
9.O-O O-O 10.Bb2 Na5 11.cxd5 exd5 12.Qc2 h6 13.Ne5 Bd6 14.c4 cxd4 15.exd4 
Nxc4 16.Nxc4 dxc4 17.Qxc4 Qc7 18.Qxc7 Bxc7 19.Be4 Re8 20.Rfe1 Bd7 {
Blancas: 1 hora y 28 minutos Negras: 1 hora y 32 minutos} 1/2-1/2

[Event "13th Costa del Sol it"]
[Site "Torremolinos ESP"]
[Date "1973.02.??"]
[Round "8"]
[White "Bellon Lopez, Juan Manuel"]
[Black "Quinteros, Miguel Angel"]
[Result "1/2-1/2"]
[WhiteElo "2385"]
[BlackElo "2465"]
[EventDate "1973.02.10"]
[PlyCount "93"]

1.b3 d5 2.Bb2 Bg4 3.h3 Bh5 4.g3 c6 5.Bg2 Nd7 6.f4 e6 7.Nf3 Ngf6 8.O-O Bc5+
9.e3 O-O 10.Qe1 a5 11.Nd4 Bg6 12.d3 Re8 13.Nf3 Qb6 14.Kh1 a4 15.Nc3 axb3 
16.axb3 Rxa1 17.Bxa1 Bxe3 18.d4 Bxf4 19.gxf4 Bxc2 20.Nd2 Bxb3 21.Qb1 Bc4 
22.Nxc4 dxc4 23.Qxb6 Nxb6 24.Rb1 Nbd5 25.Rxb7 g6 26.Ne4 Nxe4 27.Bxe4 Ra8 
28.Bb2 Ra2 29.h4 c3 30.Bxd5 Rxb2 31.Rxb2 cxb2 32.Be4 Kf8 33.Kg2 Ke7 34.Kf3
Kd6 35.Ke3 c5 36.Bb1 f6 37.Ba2 cxd4+ 38.Kxd4 e5+ 39.fxe5+ fxe5+ 40.Kc3 h6 
41.Bb1 g5 42.hxg5 hxg5 43.Kxb2 Kd5 44.Kc3 e4 45.Kd2 Kd4 46.Ke2 g4 47.Bxe4 
{Blancas: 2 horas y 32 minutos Negras: 2 horas y 20 minutos} 1/2-1/2

[Event "13th Costa del Sol it"]
[Site "Torremolinos ESP"]
[Date "1973.02.??"]
[Round "9"]
[White "Matanovic, Aleksandar"]
[Black "Parma, Bruno"]
[Result "1/2-1/2"]
[WhiteElo "2515"]
[BlackElo "2510"]
[EventDate "1973.02.10"]
[PlyCount "38"]

1.e4 d6 2.d4 Nf6 3.Nd2 g6 4.Ngf3 Bg7 5.Bd3 O-O 6.O-O Nc6 7.c3 Nh5 8.Re1 e5
9.dxe5 Nxe5 10.Nxe5 dxe5 11.Nf3 Qe7 12.Bg5 Bf6 13.Bh6 Bg7 14.Bg5 Bf6 15.
Be3 Bg4 16.Be2 Nf4 17.Bxf4 exf4 18.h3 Bxf3 19.Bxf3 Be5 {Blancas: 21 
minutos Negras: 29 minutos} 1/2-1/2

[Event "13th Costa del Sol it"]
[Site "Torremolinos ESP"]
[Date "1973.02.??"]
[Round "9"]
[White "Gheorghiu, Florin"]
[Black "Benko, Pal"]
[Result "1/2-1/2"]
[WhiteElo "2520"]
[BlackElo "2515"]
[EventDate "1973.02.10"]
[PlyCount "32"]

1.c4 e5 2.Nc3 Nf6 3.Nf3 Nc6 4.g3 Bb4 5.Nd5 e4 6.Nh4 Bc5 7.Bg2 d6 8.O-O Be6
9.d3 Nxd5 10.cxd5 Bxd5 11.dxe4 Be6 12.Nf5 O-O 13.Bd2 Qd7 14.Qc2 Nd4 15.
Nxd4 Bxd4 16.Rfd1 f6 {Blancas: 1 hora y 50 minutos Negras: 1 hora y 18 
minutos} 1/2-1/2

[Event "13th Costa del Sol it"]
[Site "Torremolinos ESP"]
[Date "1973.02.??"]
[Round "9"]
[White "Torre, Eugenio"]
[Black "Rossolimo, Nicolas"]
[Result "1-0"]
[WhiteElo "2400"]
[BlackElo "2450"]
[EventDate "1973.02.10"]
[PlyCount "109"]

1.e4 c5 2.Nc3 d6 3.Nf3 Nc6 4.d4 cxd4 5.Nxd4 Nf6 6.Bc4 Bd7 7.Bb3 g6 8.f3 
Nxd4 9.Qxd4 Bg7 10.Be3 Qa5 11.Qd2 O-O 12.O-O-O Rfc8 13.Bh6 Rc5 14.Kb1 Rac8
15.h4 Bh8 $6 ( 15...Bxh6 16.Qxh6 Be6 ) 16.h5 $5 ( 16.Be3 $1 ) 16...Nxh5 
17.Nd5 Rxd5 $2 ( 17...Re8 18.g4 ) 18.Qxd5 Qxd5 19.exd5 ( 19.Bxd5 $142 ) 
19...f5 ( 19...Ng3 $142 ) 20.Rhe1 ( 20.Rde1 $1 ) 20...Bf6 21.Be3 a6 22.Bd4
Kf7 23.Bxf6 ( 23.c3 ) 23...Kxf6 24.Rd4 g5 25.c3 ( 25.Rh1 $142 Kg6 26.c3 ) 
25...Ng3 ( 25...Nf4 $142 26.g3 Ng6 ) 26.Rc4 ( 26.f4 $1 h6 27.Re3 ) 26...h5
( 26...Rxc4 $5 27.Bxc4 h5 28.Kc2 b5 ) 27.Kc1 ( 27.Rd4 f4 28.Bc2 ) 27...h4 
( 27...f4 ) 28.Kd2 f4 ( 28...Rxc4 29.Bxc4 f4 ) 29.Rxc8 Bxc8 30.Bc2 h3 ( 
30...e6 $5 31.dxe6 Bxe6 ) 31.gxh3 Bxh3 32.Bd3 Kf7 $6 ( 32...b5 ) 33.Rg1 e5
34.dxe6+ Bxe6 35.b3 Bd5 $2 ( 35...g4 $142 ) 36.Bc4 $16 Bxc4 37.bxc4 Ke6 
38.Rb1 $18 g4 39.fxg4 Ne4+ 40.Kd3 Nf2+ 41.Kd4 Nxg4 42.Ke4 $1 Ne5 43.c5 $1 
f3 44.cxd6 f2 45.Rd1 Nd7 46.Ke3 f1=Q 47.Rxf1 Kxd6 48.Kd4 Kc6 49.Rh1 Kb6 
50.c4 Nb8 51.Rh6+ Ka5 52.Rd6 Ka4 53.Rb6 Nc6+ 54.Rxc6 bxc6 55.Kc5 {(Notes 
by Fritz8)} 1-0

[Event "13th Costa del Sol it"]
[Site "Torremolinos ESP"]
[Date "1973.02.??"]
[Round "9"]
[White "Pomar Salamanca, Arturo"]
[Black "Filip, Miroslav"]
[Result "1/2-1/2"]
[WhiteElo "2460"]
[BlackElo "2510"]
[EventDate "1973.02.10"]
[PlyCount "30"]

1.d4 Nf6 2.Nf3 g6 3.g3 Bg7 4.Bg2 O-O 5.O-O d5 6.c4 c6 7.b3 Ne4 8.Bb2 Bf5 
9.Nbd2 Qa5 10.a3 Nd7 11.b4 Qd8 12.Rc1 Nb6 13.c5 Nxd2 14.Nxd2 Nd7 15.Re1 
Qc7 {Blancas: 57 minutos Negras: 29 minutos} 1/2-1/2

[Event "13th Costa del Sol it"]
[Site "Torremolinos ESP"]
[Date "1973.02.??"]
[Round "9"]
[White "Quinteros, Miguel Angel"]
[Black "Martz, William"]
[Result "1/2-1/2"]
[WhiteElo "2465"]
[BlackElo "2420"]
[EventDate "1973.02.10"]
[PlyCount "109"]

1.c4 Nf6 2.d4 g6 3.g3 Bg7 4.Bg2 d5 5.cxd5 Nxd5 6.e4 Nb6 7.Ne2 c5 8.d5 e6 
9.O-O exd5 10.exd5 O-O 11.Nec3 Bf5 12.Be3 Na6 13.Na3 Nc8 14.Nc4 Nd6 15.
Nxd6 Qxd6 16.g4 Bd7 17.Ne4 Qc7 18.g5 Rad8 19.Rc1 b6 20.d6 Qc8 21.Nf6+ Bxf6
22.gxf6 Bh3 23.Bxh3 Qxh3 24.Bf4 Qe6 25.Qd2 Qxf6 26.Rfe1 Nc7 27.Be5 Qf5 28.
Qh6 Ne6 29.Rc3 f6 30.Bg3 Qg5 31.Qxg5 Nxg5 32.Re7 Nf7 33.Rd3 Ne5 34.Bxe5 
fxe5 35.d7 Rf7 36.Re8+ Rf8 37.Rxe5 Rf7 38.Red5 Rf6 39.Kg2 Kf7 40.Kg3 Ke7 
41.f4 Rc6 42.Kg4 c4 43.Rh3 h5+ 44.Kg5 Rxd7 45.Rxd7+ Kxd7 46.f5 gxf5 47.
Rxh5 b5 48.Kf4 b4 49.Rxf5 Rh6 50.Ke3 Rxh2 51.Kd4 Rc2 52.Rf7+ Kc6 53.Rxa7 
b3 54.axb3 cxb3 55.Ra3 {Blancas: 3 horas Negras: 3 horas y 25 minutos} 
1/2-1/2

[Event "13th Costa del Sol it"]
[Site "Torremolinos ESP"]
[Date "1973.02.??"]
[Round "9"]
[White "Medina Garcia, Antonio Angel"]
[Black "Bellon Lopez, Juan Manuel"]
[Result "1-0"]
[WhiteElo "2380"]
[BlackElo "2385"]
[EventDate "1973.02.10"]
[PlyCount "75"]

1.e4 c5 2.Nf3 g6 3.d4 Bg7 4.c4 cxd4 5.Nxd4 b6 6.Nc3 Bb7 7.Be2 Nc6 8.Be3 
Nf6 9.Qd2 O-O 10.O-O d6 11.f3 Qd7 12.b3 Rad8 13.Rad1 Ne8 14.f4 Nf6 15.Bf3 
Qc8 16.Qf2 Rfe8 17.h3 Nd7 18.Nde2 Nc5 19.Qh4 e6 20.Rd2 Ne7 21.Bd4 d5 22.
Bxg7 Kxg7 23.cxd5 exd5 24.f5 Nd7 25.Bg4 f6 26.exd5 Qc5+ 27.Kh1 g5 28.Qg3 
Ne5 29.Ne4 Qa5 30.b4 Qxb4 31.Rd4 Qb2 32.Nxg5 Nxg4 33.Ne6+ Kh8 34.Nxd8 Rxd8
35.Qc7 Qxe2 36.Qxd8+ Ng8 37.Rxg4 Qxf1+ 38.Kh2 $138 {se cayo la negra. 
Blancas: 2 horas y 29 minutos Negras: 2 horas y 30 minutos} 1-0

[Event "13th Costa del Sol it"]
[Site "Torremolinos ESP"]
[Date "1973.02.??"]
[Round "10"]
[White "Parma, Bruno"]
[Black "Benko, Pal"]
[Result "1/2-1/2"]
[WhiteElo "2510"]
[BlackElo "2515"]
[EventDate "1973.02.10"]
[PlyCount "31"]

1.e4 c5 2.Nf3 Nc6 3.d4 cxd4 4.Nxd4 Nf6 5.Nc3 e6 6.Ndb5 Bb4 7.a3 Bxc3+ 8.
Nxc3 d5 9.exd5 exd5 10.Bd3 O-O 11.O-O Bg4 12.f3 Be6 13.Kh1 Nd7 14.Bf4 Qb6 
15.b4 Nce5 16.Re1 {Blancas: 1 hora y 30 minutos Negras: 1 hora y 41 
minutos} 1/2-1/2

[Event "13th Costa del Sol it"]
[Site "Torremolinos ESP"]
[Date "1973.02.??"]
[Round "10"]
[White "Matanovic, Aleksandar"]
[Black "Torre, Eugenio"]
[Result "1-0"]
[WhiteElo "2515"]
[BlackElo "2400"]
[EventDate "1973.02.10"]
[PlyCount "59"]

1.e4 c5 2.Nf3 Nc6 3.d4 cxd4 4.Nxd4 Nf6 5.Nc3 d6 6.Bg5 Qb6 7.Nb3 e6 8.Be2 
a6 9.O-O Bd7 10.Kh1 $5 ( 10.Be3 Qc7 11.f4 Be7 12.Bf3 {Conduce a una 
posicion bien conocida} ) 10...Qc7 11.a4 b6 12.f4 Be7 13.Qe1 Nb4 14.Rc1 h6
15.Bh4 e5 16.Bg3 Bc6 $2 ( {Mejor era} 16...O-O ) 17.fxe5 dxe5 18.Nd4 $1 
O-O 19.Nxc6 Nxc6 20.Nd5 Nxd5 21.exd5 Nd4 $2 ( 21...Nb8 {Salva el caballo} 
) 22.Bd3 $1 Bd6 23.Qd1 $5 Qc5 24.c3 $1 Qxd5 25.cxd4 Qxd4 26.Bc4 Bc5 27.Qb3
Ra7 28.Rcd1 Qg4 29.Bxe5 Re7 30.Qg3 {Las blancas ganan una pieza. Blancas:1
hora y 56 minutos Negras: 2 horas y 19 minutos} 1-0

[Event "13th Costa del Sol it"]
[Site "Torremolinos ESP"]
[Date "1973.02.??"]
[Round "10"]
[White "Filip, Miroslav"]
[Black "Gheorghiu, Florin"]
[Result "1/2-1/2"]
[WhiteElo "2510"]
[BlackElo "2520"]
[EventDate "1973.02.10"]
[PlyCount "40"]

1.c4 Nf6 2.Nf3 g6 3.g3 c5 4.b3 Bg7 5.Bb2 b6 6.Bg2 Bb7 7.O-O O-O 8.Nc3 Ne4 
9.Qc2 Nxc3 10.Bxc3 Bxc3 11.Qxc3 Nc6 12.Rfd1 d6 13.d4 Nxd4 14.Nxd4 cxd4 15.
Rxd4 Bxg2 16.Kxg2 Qc7 17.Qe3 Qc5 18.Rad1 Rfe8 19.Qh6 Qe5 20.Rh4 Qg7 {
Blancas: 54 minutos Negras: 36 minutos} 1/2-1/2

[Event "13th Costa del Sol it"]
[Site "Torremolinos ESP"]
[Date "1973.02.??"]
[Round "10"]
[White "Rossolimo, Nicolas"]
[Black "Quinteros, Miguel Angel"]
[Result "0-1"]
[WhiteElo "2450"]
[BlackElo "2465"]
[EventDate "1973.02.10"]
[PlyCount "60"]

1.e4 e6 2.d4 c5 3.Nf3 cxd4 4.Nxd4 a6 5.Bd3 Nf6 6.O-O Qc7 7.Qe2 d6 8.f4 
Nbd7 9.Kh1 Be7 10.b3 $5 b5 11.Bb2 Bb7 12.Nd2 O-O 13.Rae1 $6 ( 13.a4 $1 b4 
14.c3 $1 bxc3 15.Rac1 {Contraataque en el flanco de dama} ) 13...Nc5 $1 
14.e5 Nd5 $5 15.Bxh7+ $2 {Rossolimo sobreestima sus posibilidades} 15...
Kxh7 16.Qh5+ $2 ( 16.c4 $1 bxc4 17.bxc4 dxe5 18.fxe5 Kg8 19.cxd5 Bxd5 20.
Rc1 {Batallas por la gloria} ) 16...Kg8 17.Rf3 f5 $5 18.b4 Nxf4 $1 19.Rxf4
dxe5 20.Nxf5 $5 Rxf5 $5 21.Rxf5 exf5 22.Bxe5 $5 Qc6 23.Nf3 Ne4 24.Qxf5 Rf8
25.Qh5 Bxb4 26.Re2 Nf6 27.Qg5 Bc3 28.h3 Bxe5 29.Nxe5 Qe6 30.Kh2 Ne4 $1 {
Quinteros gana otra pieza. Blancas: 2 horas Negras: 1 hora y 49 minutos} 
0-1

[Event "13th Costa del Sol it"]
[Site "Torremolinos ESP"]
[Date "1973.02.??"]
[Round "10"]
[White "Martz, William"]
[Black "Medina Garcia, Antonio Angel"]
[Result "0-1"]
[WhiteElo "2420"]
[BlackElo "2380"]
[EventDate "1973.02.10"]
[PlyCount "56"]

1.c4 Nf6 2.Nc3 c5 3.Nf3 e6 4.g3 Nc6 5.Bg2 d5 6.cxd5 exd5 7.d4 Be7 8.dxc5 
Bxc5 9.O-O O-O 10.b3 a6 11.Bb2 Ba7 12.Rc1 Re8 13.e3 Bg4 14.h3 Bxf3 15.Bxf3
d4 16.exd4 Bxd4 17.Bxc6 bxc6 18.Qf3 c5 19.Rc2 Nd7 20.Kg2 Ne5 21.Qd1 Ra7 
22.f4 Rd7 23.Rd2 Qa8+ 24.Kh2 Red8 25.Nb1 Bxb2 26.fxe5 Rxd2+ 27.Nxd2 Bc3 
28.Rf2 Qd5 {Blancas: 2 horas y 20 minutos Negras: 2 horas y 1 minuto} 0-1

[Event "13th Costa del Sol it"]
[Site "Torremolinos ESP"]
[Date "1973.02.??"]
[Round "11"]
[White "Benko, Pal"]
[Black "Filip, Miroslav"]
[Result "1/2-1/2"]
[WhiteElo "2515"]
[BlackElo "2510"]
[EventDate "1973.02.10"]
[PlyCount "50"]

1.e4 e5 2.Nf3 Nc6 3.Be2 g6 4.O-O Bg7 5.c3 Nf6 6.d3 O-O 7.Nbd2 d6 8.Nc4 h6 
9.Re1 Re8 10.Bf1 d5 11.Ncd2 dxe4 12.dxe4 Be6 13.Qc2 Nh5 14.g3 Qf6 15.b3 
Bf8 16.Bb2 Bg4 17.Bg2 a5 18.h3 Be6 19.Nh2 a4 20.Ng4 Qe7 21.Ne3 axb3 22.
axb3 f6 23.b4 Qf7 24.Nd5 Rxa1 25.Rxa1 Nb8 {Blancas: 2 horas y 18 minutos 
Negras: 1 hora y 57 minutos} 1/2-1/2

[Event "13th Costa del Sol it"]
[Site "Torremolinos ESP"]
[Date "1973.02.??"]
[Round "11"]
[White "Quinteros, Miguel Angel"]
[Black "Matanovic, Aleksandar"]
[Result "1/2-1/2"]
[WhiteElo "2465"]
[BlackElo "2515"]
[EventDate "1973.02.10"]
[PlyCount "35"]

1.c4 Nf6 2.g3 c6 3.Bg2 d5 4.Qc2 e6 5.Nf3 Nbd7 6.O-O b5 7.b3 Be7 8.d4 bxc4 
9.bxc4 O-O 10.c5 Ba6 11.Nc3 Ne8 12.Re1 f5 13.Qa4 Qc8 14.Bg5 Bf6 15.Bxf6 
Nexf6 16.e3 Ne4 17.Rac1 h6 18.Nxe4 {Blancas: 51 minutos Negras: 1 hora y 
31 minutos} 1/2-1/2

[Event "13th Costa del Sol it"]
[Site "Torremolinos ESP"]
[Date "1973.02.??"]
[Round "11"]
[White "Medina Garcia, Antonio Angel"]
[Black "Rossolimo, Nicolas"]
[Result "1/2-1/2"]
[WhiteElo "2380"]
[BlackElo "2450"]
[EventDate "1973.02.10"]
[PlyCount "47"]

1.e4 e6 2.d4 d5 3.Nd2 c5 4.Ngf3 a6 5.g3 Nc6 6.exd5 exd5 7.Bg2 Bd6 8.O-O 
Nge7 9.c4 Bg4 10.dxc5 Bxc5 11.cxd5 Qxd5 12.Qa4 Bd7 13.Qh4 h6 14.Re1 O-O-O 
15.Nb3 Ng6 16.Qe4 Qxe4 17.Rxe4 Bb6 18.Be3 Bxe3 19.Rxe3 Kb8 20.Rc1 Be6 21.
Nc5 Bd5 22.a3 Rhe8 23.Rce1 Rxe3 24.Rxe3 {Blancas: 2 horas y 19 minutos 
Negras: 1 hora y 42 minutos} 1/2-1/2

[Event "13th Costa del Sol it"]
[Site "Torremolinos ESP"]
[Date "1973.02.??"]
[Round "11"]
[White "Pomar Salamanca, Arturo"]
[Black "Bellon Lopez, Juan Manuel"]
[Result "0-1"]
[WhiteElo "2460"]
[BlackElo "2385"]
[EventDate "1973.02.10"]
[PlyCount "128"]

1.Nf3 Nf6 2.d4 c5 3.c4 cxd4 4.Nxd4 e5 5.Nf3 Bc5 6.Nc3 e4 7.Nd4 Nc6 8.e3 
O-O 9.Be2 d5 10.cxd5 Nb4 11.O-O Nbxd5 12.Qb3 Nxc3 13.bxc3 Qe7 14.h3 Bd6 
15.Rd1 Qe5 16.f4 exf3 17.Nxf3 Qg3 18.Rxd6 Qxd6 19.Ba3 Qe6 20.Qxe6 Bxe6 21.
Bxf8 Kxf8 22.Nd4 Re8 23.Rb1 b6 24.Bb5 Bd7 25.Bxd7 Nxd7 26.Kf2 Nf6 27.Rb3 
Ne4+ 28.Ke2 Rc8 29.Ra3 a5 30.Kd3 Nc5+ 31.Kc4 Nd7+ 32.Kb5 Ke7 33.Rb3 Kd6 
34.Nf5+ Ke5 35.Nd4 g6 36.a4 Kd6 37.Ra3 Ne5 38.Ka6 Nc4 39.Rb3 Re8 40.Nb5+ 
Kc5 41.Na7 Rxe3 42.Rb5+ Kd6 43.Nc8+ Kc6 44.Nxb6 Nd6 45.c4 Re2 46.g4 Re3 
47.Rxa5 Rxh3 48.Re5 h5 49.gxh5 Rxh5 50.Re7 Rf5 51.a5 g5 52.Na8 Kc5 53.Rc7+
Kb4 54.c5 Rxc5 55.Rxc5 Kxc5 56.Nb6 Kc6 57.Ka7 g4 58.Kb8 g3 59.a6 Nb5 60.
Nc4 g2 61.Ne5+ Kb6 62.Nf3 f5 63.Kc8 f4 64.Kd7 Nd4 0-1

[Event "13th Costa del Sol it"]
[Site "Torremolinos ESP"]
[Date "1973.02.??"]
[Round "11"]
[White "O'Kelly de Galway, Alberic"]
[Black "Martz, William"]
[Result "1/2-1/2"]
[WhiteElo "2450"]
[BlackElo "2420"]
[EventDate "1973.02.10"]
[PlyCount "31"]

1.c4 g6 2.Nc3 c5 3.Nf3 Nc6 4.e3 Nf6 5.d4 cxd4 6.exd4 d5 7.cxd5 Nxd5 8.Qb3 
e6 9.Bb5 Bg7 10.O-O O-O 11.Nxd5 exd5 12.Bxc6 bxc6 13.Bf4 Qb6 14.Bd6 Re8 
15.Rfe1 Bf5 16.Be5 1/2-1/2

[Event "13th Costa del Sol it"]
[Site "Torremolinos ESP"]
[Date "1973.02.??"]
[Round "12"]
[White "Bellon Lopez, Juan Manuel"]
[Black "Gheorghiu, Florin"]
[Result "0-1"]
[WhiteElo "2385"]
[BlackElo "2520"]
[EventDate "1973.02.10"]
[PlyCount "66"]

1.b3 e5 2.Bb2 Nc6 3.e3 d6 4.c4 Nf6 5.d3 g6 6.g3 $5 ( {More active is the 
usual} 6.Nf3 ) 6...Bg7 7.Bg2 O-O 8.Nc3 Be6 9.Nd5 Bxd5 10.cxd5 Ne7 11.h4 $2
{There is no need to sacrifice a pawn.} 11...Nexd5 $1 12.h5 c6 13.e4 Qa5+ 
14.Kf1 Nc7 15.Bf3 Ne6 16.Ne2 $6 ( {Better is} 16.h6 Bh8 17.Kg2 ) 16...Ng5 
17.Kg2 Nxf3 18.Kxf3 Nxh5 19.g4 Nf4 $6 20.Nxf4 exf4 21.Bxg7 Kxg7 22.Kxf4 
Rae8 $5 23.Kg3 $1 Qe5+ 24.f4 Qd4 25.Qf3 f5 26.Rae1 fxg4 27.Kxg4 Re7 28.Rh4
Ref7 29.Kh3 g5 $1 30.Qg3 Kh8 31.Rg4 Rxf4 32.Rxg5 Qf6 33.Rf5 Qh6+ {Bellon 
overestimated his position.} 0-1

[Event "13th Costa del Sol it"]
[Site "Torremolinos ESP"]
[Date "1973.02.??"]
[Round "12"]
[White "Martz, William"]
[Black "Pomar Salamanca, Arturo"]
[Result "1/2-1/2"]
[WhiteElo "2420"]
[BlackElo "2460"]
[EventDate "1973.02.10"]
[PlyCount "40"]

1.d4 d5 2.c4 c6 3.Nc3 Nf6 4.Bg5 Qb6 5.Qd2 Be6 6.Bxf6 exf6 7.cxd5 cxd5 8.e3
Nc6 9.Nge2 Bb4 10.Nf4 Rc8 11.Be2 Bxc3 12.bxc3 Na5 13.O-O O-O 14.Rab1 Qc7 
15.Rfc1 Rfd8 16.Bd3 f5 17.Rb4 Rd6 18.Qc2 g6 19.Qb2 Rc6 20.Ne2 Qe7 1/2-1/2

[Event "13th Costa del Sol it"]
[Site "Torremolinos ESP"]
[Date "1973.02.??"]
[Round "13"]
[White "Benko, Pal"]
[Black "Bellon Lopez, Juan Manuel"]
[Result "1-0"]
[WhiteElo "2515"]
[BlackElo "2385"]
[EventDate "1973.02.10"]
[PlyCount "78"]

1.b4 d5 2.Bb2 Bg4 3.h3 Bh5 4.g3 e6 5.Bg2 Nf6 6.a3 Nbd7 7.Nf3 c6 8.d3 a5 9.
c3 Bd6 10.Nbd2 Qb6 11.Rb1 O-O 12.g4 Bg6 13.O-O Rad8 14.c4 Bb8 15.Qc2 Qc7 
16.Rfc1 dxc4 17.Nxc4 axb4 18.axb4 Nd5 19.b5 f6 20.Ba3 c5 21.b6 Qf4 22.Qd2 
Rc8 23.e3 Qh6 24.Na5 Rf7 25.Nxb7 N7xb6 26.Nxc5 Ra7 27.Ra1 Bd6 28.d4 Rca8 
29.Bb2 Bf7 30.Rxa7 Rxa7 31.Qd3 Qg6 32.Qxg6 hxg6 33.Ne1 Ra2 34.Ned3 Nb4 35.
Bc3 Nxd3 36.Nxd3 Ba3 37.Rb1 Rc2 38.Bb4 Bxb4 39.Rxb4 Nd5 1-0

[Event "13th Costa del Sol it"]
[Site "Torremolinos ESP"]
[Date "1973.02.??"]
[Round "13"]
[White "Gheorghiu, Florin"]
[Black "Martz, William"]
[Result "1/2-1/2"]
[WhiteElo "2520"]
[BlackElo "2420"]
[EventDate "1973.02.10"]
[PlyCount "40"]

1.Nf3 Nf6 2.c4 g6 3.Nc3 d5 4.d4 Bg7 5.Bf4 O-O 6.Rc1 c6 7.e3 Bg4 8.Qb3 Bxf3
9.gxf3 Qd7 10.Be5 dxc4 11.Bxc4 b5 12.Bf1 a5 13.a4 b4 14.Nb1 Qf5 15.Bg2 
Nbd7 16.f4 Rac8 17.Nd2 c5 18.O-O cxd4 19.Bxd4 e5 20.fxe5 Nxe5 1/2-1/2

[Event "13th Costa del Sol it"]
[Site "Torremolinos ESP"]
[Date "1973.02.??"]
[Round "13"]
[White "Pomar Salamanca, Arturo"]
[Black "Rossolimo, Nicolas"]
[Result "1-0"]
[WhiteElo "2460"]
[BlackElo "2450"]
[EventDate "1973.02.10"]
[PlyCount "57"]

1.Nf3 Nf6 2.d4 g6 3.g3 Bg7 4.Bg2 O-O 5.O-O d6 6.b3 Nbd7 7.Bb2 c6 8.Nbd2 
Qc7 9.e4 a5 10.a4 b6 11.Re1 Ba6 12.Nc4 d5 13.exd5 cxd5 14.Ne3 e6 15.Rc1 
Rac8 16.c4 dxc4 17.bxc4 Rfd8 18.Qb3 Bb7 19.h4 Nh5 20.Red1 Re8 21.Ba3 f5 
22.c5 bxc5 23.d5 Qb6 24.Qxb6 Nxb6 25.Rb1 Nxd5 26.Rxb7 Nxe3 27.fxe3 Nxg3 
28.Rdd7 Bf6 29.Ng5 1-0